A la solde de Moscou, (Record no. 14887)
[ view plain ]
| 000 -LEADER | |
|---|---|
| fixed length control field | 00365cam a22001451i 4500 |
| 040 ## - CATALOGING SOURCE | |
| Transcribing agency | NIC |
| 082 00 - DEWEY DECIMAL CLASSIFICATION NUMBER | |
| Classification number | 944 LES 1941 A104 Or. |
| 100 1# - MAIN ENTRY--AUTHOR NAME | |
| Personal name | Rochard, J. M. |
| 245 10 - TITLE STATEMENT | |
| Title | A la solde de Moscou, |
| 260 ## - PUBLICATION, DISTRIBUTION, ETC. (IMPRINT) | |
| Place of publication | Paris : |
| Name of publisher | Les Éditions de France, |
| Year of publication | 1941. |
| 300 ## - PHYSICAL DESCRIPTION | |
| Number of Pages | 108 p. ; |
| Dimensions | 19 cm. |
| 490 0# - SERIES STATEMENT | |
| Series statement | Collection "Les temps nouveaux" |
| 650 #0 - SUBJECT ADDED ENTRY--TOPICAL TERM | |
| Topical Term | Communism |
| 942 ## - ADDED ENTRY ELEMENTS (KOHA) | |
| Koha item type | សៀវភៅភាសាបារាំង |
| 952 ## - LOCATION AND ITEM INFORMATION (KOHA) | |
| Withdrawn status [LOCAL, KOHA] | 0 |
| Permanent Location | Date acquired | Koha item type | Lost status | Shelving location | Barcode | Current Location | Full call number |
|---|---|---|---|---|---|---|---|
| Library Block A | 2017-10-31 | សៀវភៅភាសាបារាំង | A103 | A07412 | Library Block A | 944 LES 1941 A103 Or. |